00375 a2200121 4500001001000000005001700010008004100027245005100068100002200119700002200141773007300163999001700236ART_4664720260410161926.0260409a 10aRising Wage Inequality and the U.S. Gender Gap1 aBlau, Francine D.1 aKahn, Lawrence M.0 tThe American Economic Reviewg- Vol. 84, NÂș 2 (mayo 1994)wREV16190 c28134d28134